Operations Management:Processes and Values Chains (Record no. 708)

MARC details
000 -LEADER
Fixed length control field 00507nam a2200181 4500
003 - CONTROL NUMBER IDENTIFIER
Control field SEACOMMC
005 - DATE AND TIME OF LATEST TRANSACTION
Control field 20250424122458.0
008 - FIXED-LENGTH DATA ELEMENTS--GENERAL INFORMATION
Fixed length control field 241026b |||||||| |||| 00| 0 eng d
020 ## - INTERNATIONAL STANDARD BOOK NUMBER / ISBN
International Standard Book Number 81-20531-59-4.
Price Rs.575.00
040 ## - CATALOGING SOURCE
Original cataloging agency SEACOMMC
082 ## - DEWEY DECIMAL CLASSIFICATION NUMBER
Classification number 658.5
Book Number K 89
100 ## - MAIN ENTRY--PERSONAL NAME
Personal name Krajewski L.J.
245 1# - TITLE STATEMENT
Title Operations Management:Processes and Values Chains
Statement of responsibility L.J. Krajewski & Others
250 ## - EDITION STATEMENT
Edition statement 8th ed.
260 ## - IMPRINT
Place of publication New Delhi
Name of publisher Prentice-Hall in India
Date of publication 2007
650 ## - SUBJECT ADDED ENTRY--TOPICAL TERM
Topical term Management
942 ## - ADDED ENTRY ELEMENTS (KOHA)
Koha item type Books
Holdings
Withdrawn status Lost status Source of classification Damaged status Not for loan Home library Current library Shelving location Date acquired Total Checkouts Call number Accession number Date last seen Price effective from Koha item type Copy number
    Dewey Decimal Classification     SEACOM MANAGEMENT COLLEGE SEACOM MANAGEMENT COLLEGE Reference 06/11/2007   658.5 K 89 M-707 26/10/2024 26/10/2024 Books  
    Dewey Decimal Classification     SEACOM MANAGEMENT COLLEGE SEACOM MANAGEMENT COLLEGE   06/11/2007   658.5 K 89 M-708 26/10/2024 26/10/2024 Books 1
    Dewey Decimal Classification     SEACOM MANAGEMENT COLLEGE SEACOM MANAGEMENT COLLEGE   06/11/2007   658.5 K 89 M-709 26/10/2024 26/10/2024 Books 2
© Seacom Engineering College, All rights reserved.    Powered by Koha